Form follows fiasco : (Record no. 352387)

000 -LEADER
fixed length control field 00781 a2200253 4500
003 - CONTROL NUMBER IDENTIFIER
control field OSt
005 - DATE AND TIME OF LATEST TRANSACTION
control field 20180116192333.0
008 - FIXED-LENGTH DATA ELEMENTS--GENERAL INFORMATION
fixed length control field 120210t xxu||||| |||| 00| 0 eng d
010 ## - LIBRARY OF CONGRESS CONTROL NUMBER
LC control number 76054801
020 ## - INTERNATIONAL STANDARD BOOK NUMBER
International Standard Book Number 0316099406
020 ## - INTERNATIONAL STANDARD BOOK NUMBER
International Standard Book Number 0316099392 (pbk.)
040 ## - CATALOGING SOURCE
Transcribing agency 0
082 00 - DEWEY DECIMAL CLASSIFICATION NUMBER
Classification number 724.9
100 1# - MAIN ENTRY--PERSONAL NAME
Personal name Blake, Peter,
245 10 - TITLE STATEMENT
Title Form follows fiasco :
Remainder of title why modern architecture hasn't worked /
Statement of responsibility, etc. by Peter Blake.
250 ## - EDITION STATEMENT
Edition statement 1st ed.
260 ## - PUBLICATION, DISTRIBUTION, ETC.
Place of publication, distribution, etc. Boston :
Name of publisher, distributor, etc. Little, Brown,
Date of publication, distribution, etc. c1977.
300 ## - PHYSICAL DESCRIPTION
Extent 169 p. :
Other physical details ill. ;
Dimensions 28 cm.
500 ## - GENERAL NOTE
General note "An Atlantic Monthly Press book."
650 #0 - SUBJECT ADDED ENTRY--TOPICAL TERM
Topical term or geographic name entry element Functionalism (Architecture)
650 #0 - SUBJECT ADDED ENTRY--TOPICAL TERM
Topical term or geographic name entry element Architecture, Modern
Chronological subdivision 20th century.
942 ## - ADDED ENTRY ELEMENTS (KOHA)
Institution code [OBSOLETE] SADA
Koha item type Book
Call number prefix 724.9 BLA 1977
Source of classification or shelving scheme
Holdings
Withdrawn status Lost status Source of classification or shelving scheme Damaged status Not for loan Permanent Location Current Location Date acquired Total Checkouts Full call number Barcode Date last seen Date last checked out Cost, replacement price Price effective from Koha item type
          School of Art Design and Architecture (SADA) School of Art Design and Architecture (SADA) 08/31/2010 1 724.9 BLA 1977 SADA0000106 12/02/2014 12/01/2014 1836.00 08/05/2011 Book
© 2023 Central Library, National University of Sciences and Technology. All Rights Reserved.